Project management in practice / (Record no. 2695)
[ view plain ]
| 000 -LEADER | |
|---|---|
| fixed length control field | 00975cam a22001934a 4500 |
| 020 ## - INTERNATIONAL STANDARD BOOK NUMBER | |
| ISBN | 9780470121641 (pbk. : alk. paper) |
| 050 00 - CALL NUMBER | |
| Classification number | HD69.P75 |
| Item number | P7288 2008 |
| 245 00 - TITLE | |
| Title | Project management in practice / |
| Statement of responsibility, etc | Samuel J. Mantel, Jr. ... [et al.]. |
| 250 ## - EDITION | |
| Edition statement | 3rd ed. |
| 260 ## - PUBLICATION INFORMATION | |
| Place of publication | Hoboken, NJ : |
| Name of publisher | J. Wiley, |
| Year of publication | c2008. |
| 300 ## - DESCRIPTION | |
| Number of Pages | xvii, 312 p. : |
| Other physical details | ill. (some col.) ; |
| Dimensions | 26 cm. + |
| Accompanying material | 2 CD-ROMs (4 3/4 in.) |
| 500 ## - NOTES | |
| General note | CD-ROMs includes: disc 1, Crystal ball professional edition, version 7.3; disc 2, Microsoft Project 2007. |
| 505 ## - FORMATTED CONTENTS NOTE | |
| Table of Content | The World of Project Management --<br/>The Manager, The Organization, and The Team --<br/>Planning The Project --<br/>Budgeting The Project --<br/>Scheduling The Project --<br/>Allocating Resources To The Project --<br/>Monitoring and Controlling The Project --<br/>Evaluating and Terminating The Project. |
| 650 #0 - SUBJECTS | |
| Topical Term | Project management. |
| 700 1# - OTHER AUTHORS | |
| Personal name | Mantel, Samuel J. |
| 730 02 - OTHER AUTHORS | |
| OTHER AUTHORS | Crystal ball (Computer file) |
| 730 02 - OTHER AUTHORS | |
| OTHER AUTHORS | Microsoft Project. |
| 942 ## - ADDED ENTRY ELEMENTS (KOHA) | |
| Koha item type | Books |
| Withdrawn status | Lost status | Collection code | Home library | Current library | Shelving location | Date acquired | Full call number | Accession Number | Koha item type |
|---|---|---|---|---|---|---|---|---|---|
| Reference | Methodist University Library Main | Methodist University Library Main | General Stacks | HD69.P75 P7288 2008 | 37573 | Books |